|
|
|
|
| LEADER |
00985nam a22001937i 4500 |
| 005 |
20220228141423.0 |
| 008 |
161011s2007 gr a|||f |||| 00| 1 gre d |
| 952 |
|
|
|0 0
|1 0
|2 ddc
|4 0
|6 889_334000000000000_ΒΑΛ
|7 0
|9 206315
|a LISP
|b LISP
|c DON
|d 2016-10-11
|e ΒΑΛ
|i 128701
|l 0
|o 889.334 ΒΑΛ
|p 025000246263
|r 2016-10-11 00:00:00
|t 1
|v 2016.00
|w 2016-10-11
|y BK15
|
| 952 |
|
|
|0 0
|1 0
|2 ddc
|4 0
|6 889_334000000000000_ΒΑΛ
|7 0
|9 368236
|a LISP
|b LISP
|c DON
|d 2023-02-01
|e ΠΑΤ
|i 147813
|l 0
|o 889.334 ΒΑΛ
|p 025000273941
|r 2023-02-01 00:00:00
|t 2
|w 2023-02-01
|y BKN
|
| 999 |
|
|
|c 125466
|d 125466
|
| 020 |
|
|
|a 9607821195
|
| 040 |
|
|
|a GR-PaULI
|b gre
|c GR-PaULI
|e AACR2
|
| 082 |
0 |
4 |
|2 23
|a 889.334
|
| 100 |
|
|
|9 157467
|a Βαλλιανάτος, Νίκος Κ.
|e συγγραφέας
|
| 245 |
1 |
0 |
|a Πρόσωπο με πρόσωπο :
|b διηγήματα /
|c Νίκος Κ. Βαλλιανάτος.
|
| 260 |
|
|
|a Αθήνα :
|b Ύφος,
|c 2007.
|
| 300 |
|
|
|a 92 σ. :
|b εικ. ;
|c 22 εκ.
|
| 942 |
|
|
|2 ddc
|c BK15
|
| 998 |
|
|
|c ΛΟΤΣΑΡΗ
|d 2016-10
|